Phanomen Nachfrage.

Bibliographic Details
Main Author: Haeberle, Karl Erich
Format: Book
Language:German
Published: Essen : W. Girardet, [1963]
Subjects:

MARC

Tag First Indicator Second Indicator Subfields
LEADER 00000cam a2200000 4500
001 in00000065666
005 20151008050725.0
008 800501s1963 gw a b 00000 ger
010 |a  64027029  
035 |a (OCoLC)06271646 
035 |9 AAG2913AM 
040 |a DLC  |c TXA  |d UtOrBLW 
049 |a TXAM  |c [415022] 
050 0 |a HB801  |b .H25 1963 
092 |a 339.4  |b H133p 
100 1 |a Haeberle, Karl Erich. 
245 1 0 |a Phanomen Nachfrage. 
264 1 |a Essen :  |b W. Girardet,  |c [1963] 
300 |a 332 pages :  |b diagrams ;  |c 24 cm. 
336 |a text  |b txt  |2 rdacontent 
337 |a unmediated  |b n  |2 rdamedia 
338 |a volume  |b nc  |2 rdacarrier 
500 |a Erratum slip inserted. 
504 |a Bibliographical footnotes. 
650 0 |a Consumption (Economics) 
650 0 |a Supply and demand. 
999 |a MARS 
999 f f |s 2516dd6e-d90f-329c-ac0a-1e62e4d17709  |i d98f16f3-56a4-3f04-97e3-bb11e3d75403  |t 0 
952 f f |p ric  |a Texas A&M University  |b Rellis Campus  |c Joint Library Facility  |d Remote Storage  |t 0  |e HB801 .H25 1963  |h Library of Congress classification  |i unmediated -- volume  |m A14800778359 
998 f f |a HB801 .H25 1963  |t 0  |l Remote Storage